000 01274nam0a22003251 4500
001 v19\rc\1927037
005 20251118180712.0
035 _a(NLR Aleph) 005012635
090 _a6504174
_c6504174
100 _a20251123 rusy50
101 0 _arus
102 _aRU
105 _aa z |||||
200 1 _aВлияние экспозиции на возобновление и рост насаждений
_fХр. Мельдер
_g(Из Каб. общ. лесоводства)
210 _aСанкт-Петербург
_cТипо-лит. М.П. Фроловой
_d1912
215 _a[2], 16 с.
_cил.
_d24
311 _aОтт. из 22 вып. "Изв. Имп. Лес. ин-та". 1912 г.
320 _aБиблиогр. в примеч.
488 0 _12001#$aИзвестия Императорского Лесного института$v1912, вып. 22
_tИзвестия Императорского Лесного института
700 1 _aМельдер
_bХр.
801 0 _aRU
_bNLR
_gpsbo
801 0 _aRU
_bRuMoRGB
_2psbo
801 1 _aRU
_bProSoft-M
_2rusmarc
852 _aNLR
_j20.97.8.293
899 _aRuMoRGB
_jF 102/402
899 _aRuMoRGB
_jU 272/15
899 _aБАН
899 _aНБ СПбГУ
942 _cBOOK
980 _aNB